000 00752nam a2200169Ia 4500
005 20250424120242.0
008 250424s9999 xx 000 0 und d
022 _a10636692
050 _aTK 5105.5 .I3/
245 0 _aIEEE/ACM transactions on networking: a joint publication of the IEEE Communications Society, the IEEE Computer Society, and the ACM with its Special Interest Group on Data Communication.
260 _aN.Y.
260 _bInstitute of Electrical and Electronics Engineers, and the Association for Computing Machinery
260 _c2002
300 _av., 844 p. : ill. ; 28 cm.
650 _aComputer networks--Periodicals. Data transmission systems--Periodicals. Electrical and Electronic Engineering--Periodicals.
942 _cSR
999 _c38253
_d38253